header

Crystal reports 2011 for developers (Record no. 231834)

MARC details
000 -LEADER
fixed length control field 01363nam a2200325 a 4500
100 1# - MAIN ENTRY--AUTHOR NAME
Personal name Moore, Cynthia.
245 10 - TITLE STATEMENT
Title Crystal reports 2011 for developers
260 ## - PUBLICATION, DISTRIBUTION, ETC. (IMPRINT)
Place of publication Boston, Mass. :
Name of publisher Cengage Learning,
Year of publication 2012.
300 ## - PHYSICAL DESCRIPTION
Number of Pages xviii, 509 p. :
Other physical details ill., forms.
500 ## - GENERAL NOTE
General note Includes index.
505 0# - FORMATTED CONTENTS NOTE
Formatted contents note pt. 1. Using Crystal reports 2011 -- pt. 2. Introduction to SAP Crystal reports for Enterprise XI 4.0.
650 #0 - SUBJECT ADDED ENTRY--TOPICAL TERM
Topical Term Business report writing
856 40 - ELECTRONIC LOCATION AND ACCESS
Uniform Resource Identifier http://site.ebrary.com/lib/rucke/Doc?id=10497578

No items available.

© 2026 Rongo University
Contact us: librarian | system librarian | Rongo university